00554nam a2200205Ia 450000500170000000800410001702000150005808200210007310000150009424500170010926000370012630000170016365000100018065000150019065000120020565000130021794200060023095200970023699900150033320250210060144.0240331s9999 xx 000 0 und d a8170332406 bJET22114a305.4 aJethani, U 0aSingle Women aJaipurbRawat Publicationsc1994 avii, 187 p., aWomen aSinglehood aSociety aMarriage cL 001040708LaWERCLbWERCLcSSCd2024-03-31l0o 305.4 JETp2114r2024-03-31w2024-03-31yL c1668d1668